000
00200nam a2200085 4500
001
1233895
005
20250925141611.0
245
_a
KAHRAMANIM ERTUĞUL
_c
İRFAN GÜRKAN ÇELEBİ
260
_b
MAVİ KİRPİ
999
_c
1233895
_d
1233895